[Event "28th Cappelle Open"]
[Site "Cappelle la Grande FRA"]
[Date "2012.03.08"]
[Round "7.119"]
[White "Mevel, Alberic"]
[Black "Levers, Thierry"]
[Result "1-0"]
[WhiteTitle "FM"]
[WhiteElo "2182"]
[BlackElo "1896"]
[WhiteFideId "602574"]
[BlackFideId "623199"]
[EventDate "2012.03.03"]

1. e4 c5 2. Nf3 Nc6 3. c3 Nf6 4. e5 Nd5 5. d4 cxd4 6. cxd4 d6 7. Bc4 dxe5 8.
dxe5 Be6 9. O-O g6 10. Ng5 Bg7 11. Nxe6 fxe6 12. f4 Qb6+ 13. Kh1 Rd8 14. Qg4 Nd4
15. Bxd5 Rxd5 16. Nc3 Rd7 17. Be3 O-O 18. Ne2 Qxb2 19. Nxd4 Rxd4 20. Qxe6+ Kh8
21. Rab1 Qc3 22. Bxd4 Qxd4 23. Qxe7 Qd3 24. Qxb7 Bxe5 25. Rf3 Qc2 26. fxe5 Rxf3
27. gxf3 1-0

[Event "28th Cappelle Open"]
[Site "Cappelle la Grande FRA"]
[Date "2012.03.09"]
[Round "8.20"]
[White "Radulski, Julian"]
[Black "Lalic, Bogdan"]
[Result "1-0"]
[WhiteTitle "GM"]
[BlackTitle "GM"]
[WhiteElo "2552"]
[BlackElo "2469"]
[WhiteFideId "2901595"]
[BlackFideId "409081"]
[EventDate "2012.03.03"]

1. e4 c5 2. Nf3 d6 3. d4 cxd4 4. Nxd4 Nf6 5. Nc3 a6 6. Bg5 Nbd7 7. Qe2 Qc7 8.
O-O-O e6 9. f4 Be7 10. Nf3 Nb6 11. g4 O-O 12. e5 dxe5 13. Nxe5 Nfd5 14. Nxd5
Nxd5 15. Bxe7 Qxe7 16. Qe4 b5 17. Bd3 g6 18. g5 f5 19. gxf6 Qxf6 20. Rdf1 Ra7
21. h4 Nxf4 22. Ng4 Nxd3+ 23. Qxd3 Qg7 24. h5 Rxf1+ 25. Rxf1 Rf7 26. Rxf7 Kxf7
27. h6 Qf8 28. Qd4 e5 29. Nxe5+ Ke8 30. Qe3 Qe7 31. Kd2 Qb4+ 32. Ke2 Be6 33. Nd3
Qe7 34. Kd2 Bc4 35. Ne5 Bxa2 36. b3 a5 37. Kc3 a4 38. Kb2 axb3 39. cxb3 Bxb3 40.
Kxb3 g5 41. Qe4 Qe6+ 42. Kb4 g4 43. Qa8+ Ke7 44. Qb7+ Kf6 45. Qg7+ Kf5 46. Qxh7+
Kxe5 47. Qc7+ Ke4 48. h7 Qf6 49. Qc2+ Kd5 50. Qg2+ Kd6 51. Qh2+ g3 52. Qxg3+ Ke7
53. Qc7+ Ke8 54. h8=Q+ 1-0

[Event "28th Cappelle Open"]
[Site "Cappelle la Grande FRA"]
[Date "2012.03.09"]
[Round "8.22"]
[White "Pogorelov, Ruslan"]
[Black "Cornette, Matthieu"]
[Result "1/2-1/2"]
[WhiteTitle "GM"]
[BlackTitle "GM"]
[WhiteElo "2426"]
[BlackElo "2545"]
[WhiteFideId "14100363"]
[BlackFideId "620084"]
[EventDate "2012.03.03"]

1. Nf3 g6 2. c4 Bg7 3. d4 Nf6 4. Nc3 d5 5. cxd5 Nxd5 6. e4 Nxc3 7. bxc3 c5 8.
Rb1 O-O 9. Be2 b6 10. O-O Qc7 11. Bg5 Nc6 12. d5 Ne5 13. c4 f5 14. exf5 Bxf5 15.
Rb3 Nf7 16. Bh4 e5 17. Bg3 Rae8 18. a4 Nd6 19. Nd2 e4 20. Re1 Bd7 21. Ra3 Bb2
22. Ra2 Bd4 23. Nb3 Be5 24. Rf1 a5 25. Na1 Bc8 26. Qb3 Bf6 27. Nc2 Bd8 28. Na3
Qe7 29. Bxd6 Qxd6 30. Nb5 Qe5 31. Qg3 Rf4 32. Qc3 Bc7 33. Qxe5 Bxe5 34. Rb1 Ref8
35. Bf1 Bd7 36. g3 R4f6 37. Re1 Bxb5 38. cxb5 Bd4 39. Rxe4 Bxf2+ 40. Kg2 Bxg3
41. hxg3 Rxf1 42. Re6 Rd1 1/2-1/2

[Event "28th Cappelle Open"]
[Site "Cappelle la Grande FRA"]
[Date "2012.03.09"]
[Round "8.23"]
[White "Bauer, Christian"]
[Black "Haub, Thorsten Michael"]
[Result "1-0"]
[WhiteTitle "GM"]
[BlackTitle "IM"]
[WhiteElo "2679"]
[BlackElo "2474"]
[WhiteFideId "603767"]
[BlackFideId "4610776"]
[EventDate "2012.03.03"]

1. d4 f5 2. Bg5 g6 3. Nc3 Bg7 4. h4 h6 5. Bf4 Nf6 6. e3 d6 7. Qf3 Nh5 8. O-O-O
c6 9. Bc4 Qa5 10. Bh2 Na6 11. Nge2 Bd7 12. g4 Nf6 13. gxf5 Bxf5 14. Qg2 Nb4 15.
Bb3 d5 16. a3 Na6 17. f3 h5 18. Kb1 Nd7 19. Ng3 Bf6 20. Nxf5 gxf5 21. Qg6+ Kd8
22. Qxf5 Nc7 23. e4 Nb5 24. Nxb5 Qxb5 25. e5 Bxh4 26. Qf4 Bf2 27. Qd2 1-0

[Event "28th Cappelle Open"]
[Site "Cappelle la Grande FRA"]
[Date "2012.03.09"]
[Round "8.24"]
[White "Bokros, Albert"]
[Black "Fedorchuk, Sergey A."]
[Result "1/2-1/2"]
[WhiteTitle "IM"]
[BlackTitle "GM"]
[WhiteElo "2472"]
[BlackElo "2634"]
[WhiteFideId "710458"]
[BlackFideId "14102536"]
[EventDate "2012.03.03"]

1. e4 c5 2. Nf3 e6 3. d3 Nc6 4. g3 Nge7 5. Bg2 g6 6. O-O Bg7 7. c3 O-O 8. Be3 b6
9. d4 cxd4 10. cxd4 d5 11. e5 Nf5 12. Qd2 Nxe3 13. Qxe3 Bd7 14. Nc3 Rc8 15. Rac1
Qe7 16. Rfe1 Qb4 17. Qd2 Kh8 18. Bf1 f6 19. a3 Qe7 20. exf6 Qxf6 21. Ne5 Nxe5
22. Rxe5 g5 23. h3 h6 24. Rd1 Rf7 25. Bb5 Bxb5 26. Nxb5 Rcf8 27. Rf1 Qg6 28. Re3
a6 29. Nc3 Rf5 30. Kg2 Qf6 31. Rd3 Rf3 32. Rxf3 Qxf3+ 33. Kg1 b5 34. Qe3 Qf5 35.
Kg2 e5 36. dxe5 Qxe5 37. Qxe5 Bxe5 38. Rd1 Rc8 39. Rxd5 Bxc3 40. bxc3 Rxc3 41.
a4 bxa4 42. Ra5 a3 43. Rxa6 1/2-1/2

[Event "28th Cappelle Open"]
[Site "Cappelle la Grande FRA"]
[Date "2012.03.09"]
[Round "8.25"]
[White "Andriasian, Zaven"]
[Black "Sveshnikov, Vladimir"]
[Result "1/2-1/2"]
[WhiteTitle "GM"]
[BlackTitle "IM"]
[WhiteElo "2616"]
[BlackElo "2426"]
[WhiteFideId "13302000"]
[BlackFideId "11601884"]
[EventDate "2012.03.03"]

1. e4 Nf6 2. e5 Nd5 3. d4 d6 4. Nf3 dxe5 5. Nxe5 c6 6. c4 Nb4 7. Na3 Bf5 8. Be2
Nd7 9. Nf3 e5 10. O-O e4 11. Ne1 Bd6 12. Qb3 a5 13. Nac2 a4 14. Qc3 Nxc2 15.
Nxc2 O-O 16. Be3 Qc7 17. g3 Nf6 18. Bg5 Be7 19. Bf4 Qd7 20. Ne3 Bg6 21. Be5 Bh5
22. Rfe1 Bxe2 23. Rxe2 Ng4 24. Nxg4 Qxg4 25. Rae1 f5 26. d5 cxd5 27. cxd5 Rac8
28. Qd4 Bc5 29. Qxa4 Rfe8 30. Bd4 b5 31. Qd1 Bb4 32. Rf1 Red8 33. Be3 h5 34. a3
Bc5 35. Bxc5 Rxc5 36. d6 h4 37. Rd2 hxg3 38. Qxg4 gxh2+ 39. Kxh2 fxg4 40. Kg3
Kf7 41. Re1 Rc4 42. Re3 b4 43. b3 Rc6 44. a4 Rdxd6 45. Rxd6 Rxd6 46. Kxg4 Rg6+
47. Kf4 Rf6+ 48. Kxe4 Rxf2 49. Rf3+ Rxf3 50. Kxf3 Ke6 51. Kf4 g5+ 52. Kxg5 Ke5
53. Kg4 Ke4 54. Kg3 Ke5 55. Kf3 Kd5 56. Kf2 Ke6 57. Ke2 Kd6 58. Kf3 Kd5 59. Kg3
Ke5 60. Kh4 Kd4 61. Kh3 Kd5 62. Kg2 Kd6 63. Kf2 Ke6 64. Kg2 Kd6 65. Kh3 Kd5 66.
Kh4 Kd4 67. Kh5 Kd5 68. Kh6 Kd6 69. Kh7 Kd7 70. Kg6 Ke6 71. Kg5 Ke5 72. Kg4 Ke4
73. Kg3 Ke5 74. Kf3 Kd5 1/2-1/2

[Event "28th Cappelle Open"]
[Site "Cappelle la Grande FRA"]
[Date "2012.03.09"]
[Round "8.27"]
[White "Rombaldoni, Axel"]
[Black "Kovchan, Alexander"]
[Result "1-0"]
[WhiteTitle "IM"]
[BlackTitle "GM"]
[WhiteElo "2464"]
[BlackElo "2598"]
[WhiteFideId "815837"]
[BlackFideId "14103052"]
[EventDate "2012.03.03"]

1. e4 c5 2. Nf3 d6 3. d4 cxd4 4. Qxd4 Nc6 5. Qe3 g6 6. h3 Bg7 7. Be2 e5 8. O-O
Nge7 9. Rd1 O-O 10. Nc3 Be6 11. b3 Nb4 12. Qd2 Rc8 13. Bb2 a5 14. a3 Nbc6 15.
Qxd6 Nd4 16. Qxd8 Rfxd8 17. Bd3 Nxf3+ 18. gxf3 Bxh3 19. Bc4 Nc6 20. Nd5 Rb8 21.
a4 Nd4 22. Bxd4 exd4 23. Rd3 Be6 24. f4 Kh8 25. Kg2 Rd6 26. Kg3 f5 27. e5 Rxd5
28. Bxd5 Bxd5 29. Rxd4 Bc6 30. Rad1 Bf8 31. Rd8 Rxd8 32. Rxd8 Kg7 33. c3 Ba3 34.
Ra8 Bb2 35. b4 Bxc3 36. b5 Be4 37. Rc8 Bb4 38. f3 Bd5 39. Rc7+ Kf8 40. Rd7 Bb3
41. Rxb7 Ke8 42. b6 Kd8 43. Rc7 Bd5 44. Rxh7 Kc8 45. Kh4 Bb3 46. Kg5 Bxa4 47. e6
Bb5 48. Kxg6 a4 49. Ra7 a3 50. e7 Kb8 51. Kxf5 a2 52. Ke6 Bc4+ 53. Kd7 Bb5+ 54.
Ke6 Bc4+ 55. Kf6 Bc3+ 56. Kf5 Bf7 57. Rxa2 1-0

[Event "28th Cappelle Open"]
[Site "Cappelle la Grande FRA"]
[Date "2012.03.09"]
[Round "8.28"]
[White "Vorobiov, Evgeny E."]
[Black "Nikcevic, Nebojsa"]
[Result "1-0"]
[WhiteTitle "GM"]
[BlackTitle "GM"]
[WhiteElo "2580"]
[BlackElo "2419"]
[WhiteFideId "4121341"]
[BlackFideId "901776"]
[EventDate "2012.03.03"]

1. Nf3 d5 2. d4 Nf6 3. c4 c6 4. e3 Bg4 5. cxd5 Bxf3 6. Qxf3 cxd5 7. Nc3 e6 8.
Bd3 Nc6 9. O-O Be7 10. Rd1 O-O 11. Bf1 Rc8 12. Bd2 Na5 13. Be1 Nc4 14. Rab1 Qd7
15. Qe2 Rc7 16. a4 a6 17. b3 Na3 18. Rbc1 Rfc8 19. Qb2 b5 20. Bd3 Rb8 21. a5
Rcc8 22. Bf1 Qd8 23. Na2 Qf8 24. Rxc8 Rxc8 25. Rc1 Nc4 26. bxc4 Ba3 27. Qb1 Bxc1
28. cxb5 Ba3 29. b6 Rb8 30. Bb4 Bxb4 31. Nxb4 Nd7 32. Nxa6 Rb7 33. Qb5 Nxb6 34.
Nc5 1-0

[Event "28th Cappelle Open"]
[Site "Cappelle la Grande FRA"]
[Date "2012.03.09"]
[Round "8.29"]
[White "Meszaros, Tamas"]
[Black "Borovikov, Vladislav"]
[Result "0-1"]
[WhiteTitle "IM"]
[BlackTitle "GM"]
[WhiteElo "2460"]
[BlackElo "2579"]
[WhiteFideId "717410"]
[BlackFideId "14102811"]
[EventDate "2012.03.03"]

1. e4 c5 2. Nf3 d6 3. d4 cxd4 4. Nxd4 Nf6 5. Nc3 a6 6. Be2 e5 7. Nb3 Be7 8. O-O
O-O 9. a4 Nc6 10. Bg5 Be6 11. Bxf6 Bxf6 12. Nd5 Rc8 13. c3 Nb8 14. a5 Nd7 15.
Ra4 Rc6 16. Bg4 Qb8 17. f4 b5 18. Ra1 Rc4 19. Nxf6+ Nxf6 20. Bxe6 fxe6 21. fxe5
Nxe4 22. Rxf8+ Qxf8 23. exd6 Qf2+ 24. Kh1 Qe3 25. Qf3 Qxf3 26. gxf3 Nxd6 27. Rd1
Nf5 28. Rd8+ Kf7 29. Ra8 b4 30. cxb4 Rxb4 31. Nd2 Rxb2 32. Nf1 Nd4 33. Rxa6 Nxf3
34. Rc6 Rf2 35. Rc1 Ra2 36. Rc3 Nd4 37. Rc5 Nb3 38. Rc7+ Kf6 39. Ng3 Rxa5 40.
Ne4+ Kg6 41. Rc3 Ra1+ 42. Kg2 Ra2+ 43. Kh1 Nd4 44. Rg3+ Kf5 45. Nd6+ Ke5 46.
Nf7+ Kf6 47. Ng5 h6 48. Ne4+ Ke5 49. Nc5 g5 0-1

[Event "28th Cappelle Open"]
[Site "Cappelle la Grande FRA"]
[Date "2012.03.09"]
[Round "8.30"]
[White "Molina, Roberto Junio Brito"]
[Black "Degraeve, Jean-Marc"]
[Result "0-1"]
[WhiteTitle "IM"]
[BlackTitle "GM"]
[WhiteElo "2407"]
[BlackElo "2569"]
[WhiteFideId "2109450"]
[BlackFideId "600270"]
[EventDate "2012.03.03"]

1. d4 f5 2. g3 Nf6 3. Bg2 g6 4. Nf3 Bg7 5. O-O O-O 6. c4 d6 7. Nc3 c6 8. d5 e5
9. dxe6 Bxe6 10. b3 Ne4 11. Nxe4 Bxa1 12. Bg5 Qd7 13. Nxd6 Bg7 14. Qd2 Na6 15.
Rd1 Nc5 16. h4 Bf7 17. Qc2 Qc7 18. Bf4 Ne6 19. Be5 Qe7 20. Qc3 Rad8 21. c5 Bxe5
22. Nxe5 Nc7 23. f4 Bd5 24. Bf1 Ne8 25. Nxe8 Rfxe8 26. e3 Be6 27. Rc1 Qg7 28. a3
Bd5 29. b4 Be6 30. b5 cxb5 31. Bxb5 Re7 32. Qa5 Rc7 33. Qxa7 Qe7 34. Kf2 Rdc8
35. Nd3 Bd5 36. Qa4 Qe4 37. Qd4 Rd8 38. Ne1 b6 39. c6 Qxd4 40. exd4 Rdc8 41. Nd3
Bxc6 42. Ba6 Bb7 43. Bxb7 Rxc1 44. Nxc1 Rxc1 45. a4 Kf7 46. d5 Ke7 47. h5 gxh5
48. Kg2 h4 49. gxh4 Rc4 50. Bc6 Rxf4 51. Kg3 Rg4+ 52. Kh3 Kd6 53. h5 h6 0-1

[Event "28th Cappelle Open"]
[Site "Cappelle la Grande FRA"]
[Date "2012.03.09"]
[Round "8.31"]
[White "Firat, Burak"]
[Black "Chernyshov, Konstantin"]
[Result "1/2-1/2"]
[WhiteTitle "IM"]
[BlackTitle "GM"]
[WhiteElo "2405"]
[BlackElo "2561"]
[WhiteFideId "6305881"]
[BlackFideId "4117328"]
[EventDate "2012.03.03"]

1. e4 b6 2. d4 Bb7 3. Bd3 e6 4. Nf3 Nf6 5. Nbd2 d5 6. e5 Ne4 7. Qe2 Nxd2 8. Bxd2
Be7 9. h4 c5 10. c3 Nc6 11. h5 h6 12. O-O Qd7 13. Rfe1 c4 14. Bc2 b5 15. Nh2
O-O-O 16. f4 Kc7 17. Rf1 f6 18. exf6 gxf6 19. Rae1 Bc8 20. f5 e5 21. Ng4 exd4
22. cxd4 Bd6 23. Be3 Qg7 24. a3 Rhg8 25. Bd1 Rde8 26. Qd2 Rxe3 27. Qxe3 Rh8 28.
b3 Qf8 29. Kh1 Ne7 30. bxc4 dxc4 31. Qd2 Kb6 32. d5 Bc5 33. Re6+ Bxe6 34. fxe6
Nc8 35. Nxf6 Kb7 36. Be2 Qe7 37. g3 Rf8 38. Qxh6 Bxa3 39. Ne4 Rxf1+ 40. Bxf1 Nd6
41. Qg6 Nxe4 42. Qxe4 Bd6 43. Qf5 Qg7 44. Qg6 Qa1 45. Kg2 Qe5 46. h6 Kb6 47. h7
Kc5 48. e7 Bxe7 49. Qc6+ Kd4 50. Qxb5 Qe4+ 51. Kg1 Qe3+ 52. Kg2 Qe4+ 53. Kg1
Qe3+ 54. Kg2 1/2-1/2

[Event "28th Cappelle Open"]
[Site "Cappelle la Grande FRA"]
[Date "2012.03.09"]
[Round "8.33"]
[White "Debray, Christopher"]
[Black "Mirzoev, Azer"]
[Result "0-1"]
[WhiteTitle "IM"]
[BlackTitle "GM"]
[WhiteElo "2396"]
[BlackElo "2560"]
[WhiteFideId "630810"]
[BlackFideId "13400304"]
[EventDate "2012.03.03"]

1. d4 d5 2. c4 c6 3. Nf3 Nf6 4. e3 Bf5 5. Nc3 e6 6. Nh4 Be4 7. f3 Bg6 8. Nxg6
hxg6 9. Qb3 Qc7 10. e4 dxc4 11. Bxc4 b5 12. Bf1 Rxh2 13. Rxh2 Qg3+ 14. Kd1 Qxh2
15. Be3 Nbd7 16. e5 Nh5 17. Ne4 Rc8 18. Rc1 a6 19. a4 Be7 20. axb5 axb5 21. g4
Nf4 22. Bxf4 Qxf4 23. Bxb5 Nb8 24. Qc3 Kf8 25. Kc2 g5 26. Ra1 Rd8 27. Bc4 Nd7
28. Ra7 c5 29. Bb5 cxd4 30. Qxd4 Qxe5 31. Qxe5 Nxe5 32. Be2 Nc6 33. Rb7 Nd4+ 34.
Kd2 Nxf3+ 35. Ke3 Nd4 36. Bd3 Nc6 0-1

[Event "28th Cappelle Open"]
[Site "Cappelle la Grande FRA"]
[Date "2012.03.09"]
[Round "8.34"]
[White "Berkovich, Mark A"]
[Black "Le Roux, Jean-Pierre"]
[Result "0-1"]
[WhiteTitle "IM"]
[BlackTitle "GM"]
[WhiteElo "2389"]
[BlackElo "2550"]
[WhiteFideId "2801639"]
[BlackFideId "609404"]
[EventDate "2012.03.03"]

1. Nf3 Nf6 2. g3 g6 3. Bg2 d5 4. O-O Bg7 5. d4 O-O 6. c4 Nc6 7. Ne5 dxc4 8. Nxc6
bxc6 9. Na3 Be6 10. e3 Rb8 11. Qa4 Bd5 12. Qxa7 Ra8 13. Qc5 Nd7 14. Qb4 c5 15.
dxc5 Bxg2 16. Kxg2 Ne5 17. e4 Qd3 18. Qc3 Qxe4+ 19. f3 Qe2+ 0-1

[Event "28th Cappelle Open"]
[Site "Cappelle la Grande FRA"]
[Date "2012.03.09"]
[Round "8.35"]
[White "Dgebuadze, Alexandre"]
[Black "Giffard, Nicolas"]
[Result "1/2-1/2"]
[WhiteTitle "GM"]
[BlackTitle "IM"]
[WhiteElo "2548"]
[BlackElo "2361"]
[WhiteFideId "203882"]
[BlackFideId "600571"]
[EventDate "2012.03.03"]

1. e4 c6 2. c4 e5 3. Nf3 d6 4. d4 Bg4 5. Be2 Bxf3 6. Bxf3 Nd7 7. Nc3 Be7 8. b3
Ngf6 9. O-O O-O 10. Bb2 Re8 11. Rc1 a5 12. g3 Qb8 13. Bg2 Qa7 14. Na4 Bf8 15.
Qd3 Rad8 16. Rcd1 h5 17. h3 Qb8 18. Kh1 exd4 19. Qxd4 Re6 20. Nc3 Rde8 21. Rfe1
Nc5 22. Re3 Re5 23. Rde1 h4 24. f4 R5e7 25. f5 hxg3 26. Rxg3 d5 27. Ree3 Re5 28.
cxd5 Ncd7 29. dxc6 bxc6 30. Na4 Rb5 31. Qd1 Ne5 32. h4 Rb7 33. Qg1 Rd7 34. Bf3
Qa7 35. h5 Kh7 36. Be2 Kh8 37. Rh3 Rd4 38. h6 gxh6 39. Qg5 Nh7 40. Qg2 Rd2 41.
Reg3 Nf6 42. Ba3 Re7 43. Bc5 Qd7 44. Nb6 Qd8 45. Nc8 Red7 46. Be3 Rxe2 47. Qxe2
Nxe4 48. Rg1 Rd3 49. Qg2 Nf6 50. Bxh6 Rxh3+ 51. Qxh3 Qd5+ 52. Rg2 Qd1+ 53. Rg1
Qd5+ 54. Rg2 Qd1+ 1/2-1/2

[Event "28th Cappelle Open"]
[Site "Cappelle la Grande FRA"]
[Date "2012.03.09"]
[Round "8.37"]
[White "Malakhatko, Vadim"]
[Black "Ferreira, Jorge Viterbo"]
[Result "1/2-1/2"]
[WhiteTitle "GM"]
[BlackTitle "FM"]
[WhiteElo "2532"]
[BlackElo "2339"]
[WhiteFideId "14104202"]
[BlackFideId "1910850"]
[EventDate "2012.03.03"]

1. c4 Nf6 2. Nc3 g6 3. Nf3 Bg7 4. d4 O-O 5. Bf4 c5 6. d5 d6 7. e4 Bg4 8. Be2 Na6
9. O-O Nc7 10. Qd2 e5 11. Bg5 Qe7 12. Rab1 Na6 13. a3 Rfc8 14. Ne1 Bd7 15. Nd3
Qf8 16. f4 Ne8 17. f5 f6 18. Be3 g5 19. h4 h6 20. Bh5 Nec7 21. b4 b6 22. b5 Nb8
23. Ne2 Be8 24. Bf3 Kf7 25. Ng3 Nd7 26. hxg5 hxg5 27. Nf2 Ke7 28. Ng4 a6 29. a4
axb5 30. axb5 Ra4 31. Be2 Rca8 32. Rb2 Kd8 33. Kf2 Kc8 34. Rh1 Bf7 35. Qc1 Kb7
36. Bd2 Qb8 37. Ne3 Qa7 38. Rh7 Rg8 39. Qh1 Qa8 40. Qd1 Nf8 41. Rh1 Nd7 42. Qc2
Ra3 43. Rbb1 Ra2 44. Qd3 Rh8 45. Rxh8 Qxh8 46. Rh1 Qa8 47. Qc3 Nf8 48. Bc1 Be8
49. Bb2 Bf7 50. Nc2 Ra7 51. Re1 Be8 52. Rd1 Qd8 53. Rh1 Qe7 54. Ne3 Bf7 55. Qb3
Ra8 56. Qd1 Nd7 57. Rh7 Rg8 58. Qh1 Nf8 59. Rh3 Nd7 60. Bh5 Kc8 61. Ng4 Bf8 62.
Bxf7 Qxf7 63. Rh7 Rg7 64. Rh3 Ne8 65. Kf1 Rg8 66. Rh7 Rg7 67. Rh8 Rg8 68. Rh3
Bg7 69. Bc1 Qf8 70. Ke2 Rh8 71. Rh5 Kd8 72. Rxh8 Qxh8 73. Qxh8 Bxh8 74. Kd3 Nf8
75. Ke2 Ke7 76. Kf3 Nh7 77. Nf2 Kf7 78. Kg4 Bg7 79. Nf1 Bf8 80. Nh2 Ng7 81. Nf3
Be7 82. Nh3 Bd8 83. Bd2 Be7 84. Nf2 Bd8 85. Nd1 Nf8 86. Nc3 Be7 87. Na4 Nd7 88.
Ng1 Bd8 89. Nh3 Be7 90. Nc3 Nf8 91. Kf3 Bd8 92. Nf2 Be7 93. Ng4 Nh5 94. Na4 Nd7
95. Nf2 Ng7 96. Kg4 Bd8 97. Be3 Be7 98. Nh3 Bd8 99. g3 Be7 100. Bd2 Bd8 101. Nb2
Nf8 102. Nd3 Be7 103. Ne1 Bd8 104. Nf3 Nh7 105. Nf2 Be7 106. Nd3 Nf8 107. Nb2
Bd8 108. Na4 Nd7 109. Nc3 1/2-1/2

[Event "28th Cappelle Open"]
[Site "Cappelle la Grande FRA"]
[Date "2012.03.09"]
[Round "8.40"]
[White "Kanep, Meelis"]
[Black "Simon, Olivier"]
[Result "1-0"]
[WhiteTitle "GM"]
[BlackTitle "IM"]
[WhiteElo "2516"]
[BlackElo "2323"]
[WhiteFideId "4501047"]
[BlackFideId "618756"]
[EventDate "2012.03.03"]

1. d4 Nf6 2. c4 g6 3. g3 Bg7 4. Bg2 O-O 5. Nc3 d6 6. Nf3 Nc6 7. O-O a6 8. Bf4
Rb8 9. Rc1 Bd7 10. Qd2 b5 11. Nd5 Ne4 12. Qc2 f5 13. cxb5 axb5 14. Nxc7 Qxc7 15.
d5 Rfc8 16. dxc6 Be6 17. Ng5 Nxg5 18. Bxg5 b4 19. e4 Rb5 20. Qe2 Ra5 21. exf5
Bxf5 22. Rfe1 e5 23. Qc4+ Qf7 24. Qxb4 1-0

[Event "28th Cappelle Open"]
[Site "Cappelle la Grande FRA"]
[Date "2012.03.09"]
[Round "8.41"]
[White "Ambartsumova, Karina"]
[Black "Jovanic, Ognjen"]
[Result "0-1"]
[WhiteTitle "WGM"]
[BlackTitle "GM"]
[WhiteElo "2318"]
[BlackElo "2493"]
[WhiteFideId "4166299"]
[BlackFideId "14504081"]
[EventDate "2012.03.03"]

1. e4 e5 2. Nf3 Nc6 3. d4 exd4 4. Nxd4 Nf6 5. Nxc6 bxc6 6. Nc3 Bb4 7. Bd3 d6 8.
Bg5 h6 9. Bh4 Be6 10. O-O g5 11. Bg3 h5 12. f4 h4 13. Be1 Bc5+ 14. Kh1 gxf4 15.
Rxf4 Nd7 16. Be2 Be3 17. Rf1 Qg5 18. Bf2 Rg8 19. Bf3 Ne5 20. Bxe3 Qxe3 21. Qc1
Qxc1 22. Raxc1 Ke7 23. b3 a5 24. Be2 Rg5 25. Nd1 Rb8 26. a3 Nd7 27. Ne3 Rc5 28.
Bc4 a4 29. Bxe6 fxe6 30. bxa4 Ne5 31. Rb1 Ra8 32. Rf4 Rxa4 33. Rxh4 d5 34. Rh7+
Kd6 35. exd5 Rxa3 36. Re1 cxd5 37. h4 d4 38. Nf1 Rxc2 39. h5 d3 40. Rg7 d2 41.
Rd1 Rd3 42. Kh2 Rc1 43. Ne3 Nc4 0-1

[Event "28th Cappelle Open"]
[Site "Cappelle la Grande FRA"]
[Date "2012.03.09"]
[Round "8.44"]
[White "Baryshpolets, Andrey"]
[Black "Goudriaan, Etienne"]
[Result "0-1"]
[WhiteTitle "IM"]
[BlackTitle "FM"]
[WhiteElo "2486"]
[BlackElo "2292"]
[WhiteFideId "14117207"]
[BlackFideId "1021150"]
[EventDate "2012.03.03"]

1. d4 Nf6 2. c4 e6 3. g3 d5 4. Bg2 dxc4 5. Nf3 Bb4+ 6. Bd2 c5 7. dxc5 Bxc5 8.
O-O O-O 9. Qc2 Nbd7 10. Qxc4 b5 11. Qxb5 Rb8 12. Qc4 Rxb2 13. Qc1 Rb8 14. Bf4
Rb6 15. Nc3 Bd6 16. Bxd6 Rxd6 17. Nb5 Ra6 18. Nfd4 Qb6 19. Rb1 Bb7 20. Rd1 Rc8
21. Nc3 Qa5 22. Bxb7 Rxc3 23. Qxc3 Qxc3 24. Bxa6 g6 25. Rbc1 Qa5 26. Bc4 Ne5 27.
Bb3 h5 28. Nf3 Nxf3+ 29. exf3 h4 30. Rd4 h3 31. Rh4 Qf5 32. Bc2 Qc5 33. Rxh3 Qc3
34. Rh4 Qb2 35. Rf1 Qxc2 36. a4 a5 37. Rd4 e5 38. Rd6 Kg7 39. Re1 Qxa4 40. Kg2
Qb4 41. Rdd1 e4 42. Re3 exf3+ 43. Rxf3 Qe4 44. h3 Nh7 45. h4 g5 0-1

[Event "28th Cappelle Open"]
[Site "Cappelle la Grande FRA"]
[Date "2012.03.09"]
[Round "8.45"]
[White "Sepp, Olav"]
[Black "Minko, Vladimir"]
[Result "1/2-1/2"]
[WhiteTitle "IM"]
[WhiteElo "2486"]
[BlackElo "2125"]
[WhiteFideId "4500105"]
[BlackFideId "24146706"]
[EventDate "2012.03.03"]

1. g3 c5 2. Bg2 Nc6 3. c4 g6 4. Nc3 Bg7 5. e3 d6 6. Nge2 e5 7. Nd5 Nge7 8. Nec3
O-O 9. O-O Nxd5 10. Nxd5 Ne7 11. Rb1 Nxd5 12. Bxd5 a5 13. a3 Be6 14. Bxb7 Rb8
15. Bd5 Bxd5 16. cxd5 f5 17. d3 Qd7 18. f4 exf4 19. gxf4 Qb7 20. e4 Qb3 21. Qe2
Rfe8 22. Bd2 c4 23. Bc3 cxd3 24. Qxd3 fxe4 25. Qe3 Bxc3 26. Qxc3 Qxd5 27. Rbd1
Qe6 28. f5 gxf5 29. Qg3+ Qg6 30. Rxd6 Qxg3+ 31. hxg3 Rb5 32. a4 Rc5 33. Kf2 Kf7
34. Ke3 Re6 35. Rd7+ Kg6 36. Rh1 h5 37. Rd8 Rc2 38. Rg8+ Kf6 39. Rxh5 Rxb2 40.
Rf8+ Ke7 41. Rfxf5 Rb3+ 42. Kf4 Rf3+ 43. Kg4 Rxf5 44. Kxf5 e3 45. Rh1 e2 46. Re1
Kd6 47. g4 Kd5 48. g5 Re3 49. g6 Kd4 50. g7 Rg3 51. Rxe2 Rxg7 52. Ke6 Rg4 53.
Re5 Re4 54. Rxe4+ Kxe4 55. Kf6 Kd4 1/2-1/2

[Event "28th Cappelle Open"]
[Site "Cappelle la Grande FRA"]
[Date "2012.03.09"]
[Round "8.46"]
[White "Le Bris, Louis"]
[Black "Vera Gonzalez-Quevedo, Reynaldo"]
[Result "0-1"]
[BlackTitle "GM"]
[WhiteElo "1794"]
[BlackElo "2482"]
[WhiteFideId "617318"]
[BlackFideId "3500055"]
[EventDate "2012.03.03"]

1. e4 c5 2. Nc3 a6 3. f4 b5 4. Nf3 Bb7 5. d3 e6 6. g3 b4 7. Ne2 d5 8. e5 h5 9.
Bg2 Nh6 10. O-O Qb6 11. h3 Nc6 12. Be3 Be7 13. Bf2 a5 14. Qd2 Ba6 15. Rfd1 a4
16. Rac1 Rc8 17. Rb1 Qc7 18. Rdc1 O-O 19. Qe1 b3 20. axb3 axb3 21. c4 Nb4 22.
Qc3 Na2 23. Qxb3 Nxc1 24. Rxc1 dxc4 25. dxc4 Rfd8 26. Be1 Bb7 27. Qc2 Bc6 28.
Nc3 Qb7 29. Nh4 Bxh4 30. Bxc6 Qxc6 31. gxh4 0-1

[Event "28th Cappelle Open"]
[Site "Cappelle la Grande FRA"]
[Date "2012.03.09"]
[Round "8.47"]
[White "Abergel, Thal"]
[Black "Durczak, Mathieu"]
[Result "1-0"]
[WhiteTitle "GM"]
[WhiteElo "2474"]
[BlackElo "2078"]
[WhiteFideId "614890"]
[BlackFideId "644846"]
[EventDate "2012.03.03"]

1. e4 c5 2. Nf3 d6 3. Bc4 e6 4. d4 cxd4 5. Nxd4 Nf6 6. Nc3 a6 7. Bg5 Be7 8. Bb3
Qc7 9. O-O Nc6 10. Nxc6 Qxc6 11. Qd3 O-O 12. f4 b5 13. a3 Ra7 14. Rad1 h6 15.
Bh4 Rd8 16. f5 Ng4 17. Bxe7 Rxe7 18. Qg3 Qc5+ 19. Kh1 exf5 20. exf5 Bxf5 21. Nd5
Re3 22. Qf4 Rde8 23. Qxf5 Re1 24. Qxg4 Qf2 25. Qf3 1-0